| 000 | 00529cam a22001932a 4500 | ||
|---|---|---|---|
| 001 | 011386 | ||
| 003 | AR-FADEU | ||
| 008 | 311216n1998####xxu####################dd | ||
| 092 |
_a368 _bG498 |
||
| 100 | _aGiorgi, Raffaele de | ||
| 245 | _aDereito, democracia e risco : vículos com o futuro | ||
| 260 | _aPorto Alegre | ||
| 260 | _bSergio Antonio Fabris | ||
| 260 | _c1998 | ||
| 300 | _a263 p | ||
| 650 | _aRIESGO SOCIAL; VIOLENCIA-MENORES; RIESGO INDUSTRIAL; TECNOLOGIA-RIESGO | ||
| 546 | _aPortugués | ||
| 942 | _cBDGR | ||
| 999 |
_c17162 _d17162 |
||